Statistiken für Gemeinden im Waldviertel auf einer Karte

Klicken Sie hier um das Quiz zu spielen!

Allgemein

  • Dieses Quiz wurde 25 mal gespielt
  • Das Durchschnittsergebnis liegt bei 47 aus 101

Antworten auf der Karte

Die Antworten werden auf der Karte rot bzw. grün angezeigt, abhängig davon wie oft sie richtig erraten wurden.
 

Antwortstatistiken

BezirkBevölkerungGemeinde% Korrekt
Horn6.409Horn
93%
Zwettl1.736Allentsteig
87%
Gmünd5.238Gmünd
87%
Krems7.469Langenlois
87%
Waidhofen an der Thaya5.289Waidhofen an der Thaya
87%
Waidhofen an der Thaya1.287Waidhofen an der Thaya-Land
87%
Gmünd2.629Weitra
87%
Zwettl10.723Zwettl-Niederösterreich
87%
Horn3.472Gars am Kamp
73%
Zwettl1.806Göpfritz an der Wild
73%
Zwettl4.436Groß Gerungs
73%
Krems1.966Hadersdorf-Kammern
73%
Gmünd5.356Schrems
73%
Horn1.269Geras
67%
Gmünd988Unserfrau-Altweitra
67%
Zwettl506Gutenbrunn
60%
Gmünd3.882Heidenreichstein
60%
Horn1.433Irnfritz-Messern
60%
Zwettl1.725Langschlag
60%
Gmünd2.192Litschau
60%
Zwettl1.085Martinsberg
60%
Zwettl1.013Ottenschlag
60%
Horn847Rosenburg-Mold
60%
Zwettl1.515Schwarzenau
60%
Horn1.676Sigmundsherberg
60%
Gmünd1.074St. Martin
60%
Zwettl1.591Arbesbach
53%
Zwettl992Bad Traunstein
53%
Krems3.767Gföhl
53%
Krems753Krumau am Kamp
53%
Waidhofen an der Thaya2.631Raabs an der Thaya
53%
Zwettl855Altmelon
47%
Gmünd1.308Bad Großpertholz
47%
Gmünd1.485Brand-Nagelberg
47%
Horn1.207Drosendorf-Zissersdorf
47%
Krems1.039Droß
47%
Krems3.197Grafenegg
47%
Waidhofen an der Thaya2.710Groß-Siegharts
47%
Krems1.222Jaidhof
47%
Krems2.058Lichtenau im Waldviertel
47%
Zwettl909Pölla
47%
Krems1.601Rastenfeld
47%
Krems1.872Schönberg am Kamp
47%
Zwettl1.220Waldhausen
47%
Gmünd1.078Amaliendorf-Aalfang
40%
Zwettl350Bärnkopf
40%
Waidhofen an der Thaya1.564Dobersberg
40%
Zwettl1.277Echsenbach
40%
Gmünd681Eisgarn
40%
Zwettl853Grafenschlag
40%
Gmünd2.205Großdietmanns
40%
Zwettl1.361Großgöttfritz
40%
Gmünd1.221Großschönau
40%
Gmünd475Haugschlag
40%
Waidhofen an der Thaya1.483Karlstein an der Thaya
40%
Waidhofen an der Thaya1.082Kautzen
40%
Zwettl628Kirchschlag
40%
Zwettl1.451Kottes-Purk
40%
Krems1.422Lengenfeld
40%
Waidhofen an der Thaya923Pfaffenschlag bei Waidhofen a.d.Thaya
40%
Melk2.421Pöggstall
40%
Zwettl1.724Rappottenstein
40%
Zwettl1.280Sallingberg
40%
Zwettl767Schönbach
40%
Zwettl2.024Schweiggers
40%
Melk1.117St. Oswald
40%
Krems1.750Straß im Straßertale
40%
Waidhofen an der Thaya1.399Thaya
40%
Waidhofen an der Thaya2.649Vitis
40%
Krems1.005Albrechtsberg an der Großen Krems
33%
Horn801Altenburg
33%
Horn844Brunn an der Wild
33%
Waidhofen an der Thaya1.181Gastern
33%
Melk1.731Hofamt Priel
33%
Gmünd1.305Kirchberg am Walde
33%
Gmünd721Moorbad Harbach
33%
Melk1.670Münichreith-Laimbach
33%
Horn705Pernegg
33%
Gmünd616Reingers
33%
Horn513Röhrenbach
33%
Horn1.295St. Bernhard-Frauenhofen
33%
Krems1.090St. Leonhard am Hornerwald
33%
Waidhofen an der Thaya493Waldkirchen an der Thaya
33%
Krems1.244Weinzierl am Walde
33%
Waidhofen an der Thaya912Windigsteig
33%
Melk2.009Yspertal
33%
Horn1.337Burgschleinitz-Kühnring
27%
Waidhofen an der Thaya1.025Dietmanns
27%
Melk579Dorfstetten
27%
Gmünd668Eggern
27%
Gmünd586Hirschbach
27%
Gmünd1.389Hoheneich
27%
Horn710Japons
27%
Horn686Langau
27%
Waidhofen an der Thaya903Ludweis-Aigen
27%
Melk1.036Nöchling
27%
Melk1.039Raxendorf
27%
Gmünd1.178Waldenstein
27%
Melk1.110Weiten
27%
Horn1.536Weitersfeld
27%
Horn861Meiseldorf
20%

Verteilung der Resultate

Perzentil nach korrekt beantworteten Fragen

Anzahl Personen mit jedem Resultat

Ihre Resultats-Entwicklung

Sie haben dieses Quiz noch nicht gespielt